=LDR 00000nam 2200000 4500 =001 INLIS000000000020776 =005 20250304094837 =035 ##$$a 0010-061300000020776 =008 250304################g##########0#ind## =041 ##$$a Ind =082 ##$$a R.2x0.000 3 =090 ##$$a R.2x0.000 3, Sud k =100 ##$$a Sudarsono =245 1#$$a Kamus agama islam, /$c oleh Drs. Sudarsono SH., M. Si. =260 ##$$a Jakarta :$b Rineka Cipta,$c 2003 =300 ##$$a vi, 240 hlm, ; $c 21 x 14 cm. =650 #4$$a Kamus Agama Islam =850 ##$$a NBPNMAT =020 ##$$a 979-518-551-9 =084 ##$$a R.2x0.000 3 SUD k =250 ##$$a Cet.2 =990 ##$$a 02340234 =990 ##$$a 02340234 =990 ##$$a 02340234 =990 ##$$a 10606411 =990 ##$$a 1200603459 =990 ##$$a 1200603460 =990 ##$$a 10606410 =990 ##$$a 1200603459 =990 ##$$a 10606411 =990 ##$$a 10606413 =990 ##$$a 10606413 =990 ##$$a 10606413 =990 ##$$a 10606410 =990 ##$$a 10606410 =990 ##$$a 10606410 =990 ##$$a 10606411 =990 ##$$a 10606411 =990 ##$$a 10606411 =990 ##$$a 03780378 =990 ##$$a 03780378 =990 ##$$a 03780378 =990 ##$$a 03780378 =990 ##$$a 03780378 =990 ##$$a 03780378 =990 ##$$a 66.640/pro-94-95 =990 ##$$a 10606413 =990 ##$$a 10606410 =990 ##$$a 10606411 =990 ##$$a 1200603474 =990 ##$$a 1200603475 =990 ##$$a 1200603476 =990 ##$$a 1200603477 =990 ##$$a 1200603478 =990 ##$$a 66.641/pro-94-95 =990 ##$$a 10606413 =990 ##$$a 10606410 =990 ##$$a 10606411 =990 ##$$a 1200603474 =990 ##$$a 1200603475 =990 ##$$a 1200603476 =990 ##$$a 1200603477 =990 ##$$a 66.640/pro-94-95 =990 ##$$a 119.812/pro-97 =990 ##$$a 10606413 =990 ##$$a 10606410 =990 ##$$a 10606411 =990 ##$$a 1200603474 =990 ##$$a 1200603475 =990 ##$$a 1200603476 =990 ##$$a 66.641/pro-94-95 =990 ##$$a 66.640/pro-94-95 =990 ##$$a 66.641/pro-94-95 =990 ##$$a 66.641/pro-94-95 =990 ##$$a 10606413 =990 ##$$a 10606413 =990 ##$$a 10606410 =990 ##$$a 10606410 =990 ##$$a 10606411 =990 ##$$a 10606411 =990 ##$$a 1200603474 =990 ##$$a 1200603474 =990 ##$$a 1200603475 =990 ##$$a 1200603475 =990 ##$$a 1200603476 =990 ##$$a 1200603476 =990 ##$$a 119.812/pro-97 =990 ##$$a 119.812/pro-97 =990 ##$$a 66.640/pro-94-95 =990 ##$$a 66.640/pro-94-95 =990 ##$$a 107.585/pb-97 =990 ##$$a 10606413 =990 ##$$a 10606410 =990 ##$$a 10606411 =990 ##$$a 1200603474 =990 ##$$a 1200603475 =990 ##$$a 119.812/pro-97 =990 ##$$a 66.641/pro-94-95 =990 ##$$a 66.640/pro-94-95 =990 ##$$a 119.814/pro-97 =990 ##$$a 10606413 =990 ##$$a 10606410 =990 ##$$a 10606411 =990 ##$$a 1200603474 =990 ##$$a 107.585/pb-97 =990 ##$$a 119.812/pro-97 =990 ##$$a 66.641/pro-94-95 =990 ##$$a 66.640/pro-94-95 =990 ##$$a 20613557 =990 ##$$a 10606413 =990 ##$$a 10606410 =990 ##$$a 10606411 =990 ##$$a 119.814/pro-97 =990 ##$$a 107.585/pb-97 =990 ##$$a 119.812/pro-97 =990 ##$$a 66.641/pro-94-95 =990 ##$$a 66.640/pro-94-95